000 00664nam a2200181 i 4500
001 38174
003 ES-MaACL
005 20250907063039.0
007 t|
008 030224s1910 sp ||||1| spa d
100 1 _aCabrerizo y García, Francisco,
_d1868-1951
_933323
245 1 3 _aLa avariosis en el ejército
_b: manera de resolverse, en Inglaterra este problema médico-social : discurso pronunciado en la Sociedad Española de higiene el 31 de mayo de 1910 /
_cFrancisco Cabrerizo.
260 _aMadrid :
_b[s.n.],
_c1910.
300 _a15 p. ;
_c22 cm.
650 0 4 _aSífilis.
_917092
852 _aES-MaACL
_jT-1213-F-12
999 _c38174
_d38174